| 000 | 01228nam a2200289 a 4500 | ||
|---|---|---|---|
| 001 | 000025174 | ||
| 005 | 20200930023616.0 | ||
| 008 | 110208s1976 mx r 000 |aspa d | ||
| 020 | _a9508850086 | ||
| 040 |
_aDO-SdBNP _bspa _cBNPHU |
||
| 041 |
_afre _hspa _2Código de idioma MARC |
||
| 082 |
_axxx _bT858B |
||
| 100 | 1 |
_aBrossat, Alain _951644 |
|
| 240 | 0 |
_aAux origines de la révolution permanente la pensée politique du jeune Trotsky. _lEspañol |
|
| 245 | 1 | 0 |
_aEn los orígenes de la revolución permanente : _bel pensamiento político del joven Trotski / _cAlain Brossat ; traducción Dolores Sacristán y José Manuel López. |
| 260 |
_aMéxico, D. F. : _bSiglo Veintiuno, _c1976. |
||
| 300 |
_avi., 280 p. ; _c21 cm. |
||
| 490 | _aBiblioteca del Pensamiento Socialista | ||
| 504 | _aBibliografía : p. 277-280 | ||
| 500 | _aIncluye notas y referencia bibliográfica al pie de páginas | ||
| 534 |
_aTítulo original : _tAux origines de la révolution permanente la pensée politique du jeune Trotsky. |
||
| 700 | 1 |
_aSacristán, Dolores _etr. _951645 |
|
| 700 | 1 |
_aTrotsky, Leon _948783 |
|
| 700 | 1 |
_aLópez, José Manuel _etr. _951646 |
|
| 830 | 0 |
_aBiblioteca del Pensamiento Socialista _951647 |
|
| 049 | _aBNGR | ||
| 999 |
_c24667 _d24667 |
||